Central Library OPAC University of Rajshahi

বডু চন্ডীদাসের শ্রীকৃষ্ণকীর্তন কাব্য / (Record no. 39132)

MARC details
000 -LEADER
fixed length control field 00897nam a2200229 a 4500
001 - CONTROL NUMBER
control field 39132
003 - CONTROL NUMBER IDENTIFIER
rucl marc code BD-RjUL
005 - DATE AND TIME OF LATEST TRANSACTION
control field 20211209052926.0
008 - FIXED-LENGTH DATA ELEMENTS--GENERAL INFORMATION
fixed length control field 160405b2007 bg |||e |||| 000 0 ben d
020 ## - INTERNATIONAL STANDARD BOOK NUMBER
International Standard Book Number 9847000000057
Terms of availability Tk.220
035 ## - SYSTEM CONTROL NUMBER
System control number (BD-RjUL)
040 ## - CATALOGING SOURCE
Original cataloging agency BD-RjUL
Language of cataloging ben
Transcribing agency BD-RjUL
041 ## - LANGUAGE CODE
Language code of text/sound track or separate title ben
082 ## - DEWEY DECIMAL CLASSIFICATION NUMBER
Edition number 23
Classification number B 891.441
Author mark and year BRU 2007
245 ## - TITLE STATEMENT
Title বডু চন্ডীদাসের শ্রীকৃষ্ণকীর্তন কাব্য /
Statement of responsibility, etc. মোস্তফা তারিকুল আহসান
260 ## - PUBLICATION, DISTRIBUTION, ETC. (IMPRINT)
Place of publication, distribution, etc. ঢাকা :
Name of publisher, distributor, etc. জ়াতীয় সাহিত্য প্রকাশ,
Date of publication, distribution, etc. ২০০৭.
300 ## - PHYSICAL DESCRIPTION
Pagination ২৬২ পৃ. ;
Size ২২সেমি.
650 ## - SUBJECT ADDED ENTRY--TOPICAL TERM
Topical term or geographic name as entry element বাংলা কবিতা
9 (RLIN) 120748
Topical term or geographic name as entry element Poerty, Bengali
9 (RLIN) 120749
700 ## - ADDED ENTRY--PERSONAL NAME
Personal name আহসান, মোস্তফা তারিকুল
942 ## - ADDED ENTRY ELEMENTS (KOHA)
Source of classification or shelving scheme Dewey Decimal Classification
Koha item type Books
Holdings
Lost status Source of classification or shelving scheme Damaged status Not for loan Collection code Permanent Location Current Location Shelving location Date acquired Source of acquisition Cost, normal purchase price Total Checkouts Full call number Date last seen Date checked out Copy number Koha item type
  Dewey Decimal Classification     Non-fiction Central Library, University of Rajshahi Central Library, University of Rajshahi Reading Room 30/07/2013 Jatiya Sahita Prokash 220.00 1 B 891.441 BRU 2007 20/04/2017 16/04/2017 C-6 Books
  Dewey Decimal Classification     Non-fiction Central Library, University of Rajshahi Central Library, University of Rajshahi   30/07/2013 Jatiya Sahita Prokash 220.00   B 891.441 BRU 2007 05/04/2016   C-7 Books
  Dewey Decimal Classification     Non-fiction Central Library, University of Rajshahi Central Library, University of Rajshahi   30/07/2013 Jatiya Sahita Prokash 220.00   B 891.441 BRU 2007 05/04/2016   C-8 Books
  Dewey Decimal Classification     Non-fiction Central Library, University of Rajshahi Central Library, University of Rajshahi   16/01/2013 Editor, Rajshahi 220.00   B 891.441 BRU 2007 10/08/2016   C-2 Books
  Dewey Decimal Classification     Non-fiction Central Library, University of Rajshahi Central Library, University of Rajshahi   16/01/2013 Editor, Rajshahi 220.00 1 B 891.441 BRU 2007 16/02/2017 15/12/2016 C-3 Books
  Dewey Decimal Classification     Non-fiction Central Library, University of Rajshahi Central Library, University of Rajshahi   16/01/2013 Editor, Rajshahi 220.00   B 891.441 BRU 2007 14/08/2016   C-4 Books
  Dewey Decimal Classification     Non-fiction Central Library, University of Rajshahi Central Library, University of Rajshahi   16/01/2013 Editor, Rajshahi 220.00   B 891.441 BRU 2007 14/08/2016   C-5 Books
  Dewey Decimal Classification   Not For Loan Non-fiction Central Library, University of Rajshahi Central Library, University of Rajshahi Reading Room 16/01/2013 Rajshahi, Editor 220.00   B 891.441 BRU 2007 14/02/2017   C-1 Books